000 00968nam a2200277 i 4500
003 DO-SdBNP
005 20250710095440.0
007 ta
008 250710b2025 dr ac||| |||| 00| 0 spa d
020 _a9789945949902
040 _aDO-SdBNP
_bspa
_cBNPHU
_erda
041 _aspa
082 4 _axxx
_bP637c
_222
100 _aPilar Puello, Juan Francisco
_eautor
_4aut.
_988303
245 1 0 _aCuando me enamoro /
_cJuan Francisco Pilar Puello ; edición, Rafael J. Rodríguez Pérez ; corrección, Edgardo Hinginio
264 4 _aSanto Domingo :
_bRío de Oro Editores,
_c©2025.
300 _a96 páginas :
_bilustraciones y retratos ;
_c22 cm.
336 _atexto
_btxt
_2rdacontent
337 _asin mediación
_bn
_2rdamedia
338 _avolumen
_bnc
_2rdacarrier
590 _aInventariado, 2025/BT
700 1 _aRodríguez Pérez, Rafael J.,
_eeditor
_4ed.
_943373
700 1 _aHinginio, Edgardo,
_ecorrector
_4corr.
_988304
910 _aBtavárez
942 _2ddc
_cLBS1
999 _c59482
_d59482